| 000 | 00358nam a22001217a 4500 | ||
|---|---|---|---|
| 999 |
_c3420 _d3420 |
||
| 005 | 20201201114017.0 | ||
| 008 | 201201b ||||| |||| 00| 0 eng d | ||
| 020 | _a0521259983 | ||
| 040 | _cCML | ||
| 245 |
_aLanguage and Communication. _cBlacker M. |
||
| 260 |
_aLondon _bCambridge University _c1984 |
||
| 942 |
_2ddc _cBK _e1st Edition _h500 _mCAM |
||